[Event "Elit(Team Viking-Solna)"]
[Site "?"]
[Date "2015.03.07"]
[Round "6"]
[White "Lundvik, Jonas"]
[Black "Pettersson, Anders"]
[Result "1-0"]
[WhiteElo "2195"]
[BlackElo "2278"]
[PlyCount "163"]

1. d4 Nf6 2. Nf3 g6 3. g3 Bg7 4. Bg2 O-O 5. O-O d6 6. c3 Nbd7 7. Nbd2 Rb8 8. a4
c5 9. Re1 a6 10. a5 b5 11. axb6 Nxb6 12. dxc5 dxc5 13. Ne5 Bb7 14. Nc6 Bxc6 15.
Bxc6 Qc8 16. Bg2 Nfd7 17. Qc2 Ne5 18. Rd1 Rd8 19. Nf1 Rxd1 20. Qxd1 Nbc4 21.
Ra2 h5 22. f4 Ng4 23. Qd3 Nd6 24. Qxa6 Qe6 25. e4 Qb3 26. Qa4 Qe6 27. Qa6 Qb3
28. Qa4 Qe6 29. h3 Nh6 30. Qa6 Qb3 31. Qa4 Qe6 32. Qa6 Qb3 33. Ne3 Kh7 34. Ra3
Rb6 35. Qa7 Qb5 36. Ra5 Rb7 37. Qa6 Qb3 38. Rxc5 Rb6 39. Qa8 Rb8 40. Qd5 Qa4
41. Ra5 Qe8 42. Kh2 Rd8 43. e5 Ndf5 44. Ra8 Rxa8 45. Qxa8 Qb5 46. Qd5 Qe2 47.
Qd2 Qa6 48. Nd5 e6 49. Nb4 Qb6 50. Nc6 Bf8 51. b4 Qb5 52. Qf2 Qd3 53. Qe1 Kg7
54. Be4 Qa6 55. Bd2 Qa2 56. Bf3 Kg8 57. Qe2 h4 58. Be1 hxg3+ 59. Bxg3 Qa1 60.
Be1 Qc1 61. Qd2 Qb1 62. Bf2 Qb3 63. Kg2 Qc4 64. Na5 Qa6 65. c4 Qc8 66. c5 Be7
67. Bb7 Qc7 68. c6 Nh4+ 69. Kf1 N6f5 70. Qd7 Ng3+ 71. Bxg3 Qb6 72. Qxe7 Qb5+
73. Kf2 Nf5 74. Qd8+ Kh7 75. Qd2 Qb6+ 76. Kg2 Ne3+ 77. Kh1 Nf1 78. Bf2 Qb5 79.
Qe1 Qd5+ 80. Kg1 Nd2 81. c7 Nf3+ 82. Kh1 1-0

[Event "Elit(Team Viking-Solna)"]
[Site "?"]
[Date "2015.03.07"]
[Round "6"]
[White "Sagit, Rauan"]
[Black "Wallgren, Ulf"]
[Result "1-0"]
[WhiteElo "2362"]
[BlackElo "2155"]
[PlyCount "57"]

1. Nf3 e6 2. d4 f5 3. g3 Nf6 4. Bg2 Be7 5. O-O O-O 6. c4 d6 7. Nc3 a5 8. Bg5
Ne4 9. Bxe7 Qxe7 10. Qc2 Nxc3 11. Qxc3 Qf6 12. Rae1 c5 13. dxc5 Qxc3 14. bxc3
dxc5 15. Ne5 Nd7 16. Nd3 Nb6 17. Nxc5 Nxc4 18. Rd1 Rb8 19. Rd4 Ne5 20. Rb1 Rf7
21. f4 Ng4 22. Bf3 b6 23. Rd8+ Rf8 24. Rd6 b5 25. a4 b4 26. cxb4 Ne3 27. Rb3
Nc2 28. bxa5 Rxb3 29. Nxb3 1-0

[Event "Elit(SK Rockaden,Sthlm-Farsta)"]
[Site "?"]
[Date "2015.03.07"]
[Round "6"]
[White "Cmilyte, Viktorija"]
[Black "Sammalvuo, Tapani"]
[Result "1-0"]
[WhiteElo "2530"]
[BlackElo "2453"]
[PlyCount "71"]

1. Nf3 Nf6 2. c4 e6 3. Nc3 Bb4 4. Qc2 O-O 5. a3 Bxc3 6. Qxc3 b6 7. e3 Bb7 8. b4
c5 9. Bb2 d6 10. Be2 e5 11. O-O Ne4 12. Qc2 Ng5 13. Nxg5 Qxg5 14. f3 Nc6 15.
Bc3 Qe7 16. Bd3 h6 17. Be4 Nd8 18. bxc5 bxc5 19. Rab1 Bxe4 20. Qxe4 Rc8 21. f4
Nc6 22. Rb5 Rfd8 23. Qd5 Rd7 24. f5 Qd8 25. f6 gxf6 26. Qe4 Rdc7 27. Rf3 h5 28.
Qh4 Kg7 29. Qxh5 Kf8 30. Qh6+ Ke7 31. Rxf6 Rd7 32. Qh4 Ke8 33. Rb1 Qe7 34. Rbf1
Nd8 35. Qg4 Qf8 36. Rg6 1-0

[Event "Elit(SK Rockaden,Sthlm-Farsta)"]
[Site "?"]
[Date "2015.03.07"]
[Round "6"]
[White "Degerman, Lars"]
[Black "Nielsen, Peter Heine"]
[Result "1/2-1/2"]
[WhiteElo "2469"]
[BlackElo "2660"]
[PlyCount "51"]
[EventDate "2015.??.??"]

1. Nf3 g6 2. g3 Bg7 3. d4 c5 4. c3 cxd4 5. cxd4 d5 6. Bg2 Nc6 7. Nc3 e6 8. O-O
Nge7 9. e3 O-O 10. Bd2 b6 11. Qa4 Bb7 12. Rfc1 Nf5 13. Be1 Nd6 14. Nd2 Na5 15.
Bf1 Re8 16. Qd1 Nac4 17. b3 Nxd2 18. Bxd2 e5 19. Nb5 exd4 20. Nxd4 Bxd4 21.
exd4 Nf5 22. Bf4 Nd6 23. Bg2 Qe7 24. h4 Rac8 25. Qg4 Ne4 26. Qf3 1/2-1/2

[Event "Elit(SK Rockaden,Sthlm-Farsta)"]
[Site "?"]
[Date "2015.03.07"]
[Round "6"]
[White "Bator, Robert"]
[Black "Ernst, Thomas"]
[Result "1-0"]
[WhiteElo "2433"]
[BlackElo "2373"]
[PlyCount "47"]

1. d4 Nf6 2. Nf3 e6 3. c4 b6 4. a3 Ba6 5. Qc2 c5 6. d5 exd5 7. cxd5 Bb7 8. Bg5
Bxd5 9. Nc3 Bc6 10. e4 Be7 11. e5 Nd5 12. Ne4 f6 13. exf6 Nxf6 14. Bxf6 gxf6
15. O-O-O Qc7 16. Bd3 d5 17. Ng3 Nd7 18. Rhe1 Ne5 19. Bf5 d4 20. Nh5 d3 21. Qc3
O-O 22. Nxe5 fxe5 23. Rxe5 Bd6 24. Be6+ 1-0

[Event "Elit(SK Rockaden,Sthlm-Farsta)"]
[Site "?"]
[Date "2015.03.07"]
[Round "6"]
[White "Livner, Anders"]
[Black "Barkhagen, Jonas"]
[Result "0-1"]
[WhiteElo "2345"]
[BlackElo "2432"]
[PlyCount "52"]

1. d4 d5 2. c4 c6 3. Nf3 Nf6 4. e3 e6 5. Bd3 Bd6 6. Nbd2 Nbd7 7. O-O O-O 8. e4
dxe4 9. Nxe4 Nxe4 10. Bxe4 h6 11. Re1 Nf6 12. Bc2 c5 13. b3 b6 14. Bb2 cxd4 15.
Nxd4 Bb7 16. Qe2 Re8 17. Rad1 Qc7 18. h3 Rad8 19. a3 Qc5 20. Qf1 Bb8 21. Nb5 a6
22. Nc3 Qc7 23. g3 Qc6 24. Kh2 Qf3 25. Re3 Rxd1 26. Bxd1 Bxg3+ 0-1

[Event "Elit(SK Rockaden,Sthlm-Farsta)"]
[Site "?"]
[Date "2015.03.07"]
[Round "6"]
[White "Karlsson, Lars"]
[Black "Ong, Kezli"]
[Result "0-1"]
[WhiteElo "2441"]
[BlackElo "2256"]
[PlyCount "74"]

1. b3 g6 2. Bb2 Nf6 3. Bxf6 exf6 4. c4 Bg7 5. Nc3 f5 6. Rc1 b6 7. g3 Bb7 8. Nd5
c6 9. Nf4 c5 10. Nd5 Bxd5 11. cxd5 d6 12. e3 O-O 13. Ne2 b5 14. d4 Na6 15. Qd2
Rc8 16. dxc5 dxc5 17. Bg2 Qb6 18. O-O Rfd8 19. Rfd1 Nc7 20. Nf4 Ne8 21. d6 Rxd6
22. Nd5 Qd8 23. Qe2 a6 24. a4 bxa4 25. bxa4 Nf6 26. Nxf6+ Bxf6 27. Rxd6 Qxd6
28. Rd1 Qb6 29. Qc4 Rc7 30. h4 h5 31. Qf4 Kg7 32. Bf1 Re7 33. Rd6 Qb4 34. Qxb4
cxb4 35. Bxa6 b3 36. Bd3 b2 37. a5 Rc7 0-1

[Event "Elit(SK Rockaden,Sthlm-Farsta)"]
[Site "?"]
[Date "2015.03.07"]
[Round "6"]
[White "Lissang, Christopher"]
[Black "Engqvist, Thomas"]
[Result "1-0"]
[WhiteElo "2260"]
[BlackElo "2362"]
[PlyCount "135"]
[EventDate "2015.??.??"]

1. Nf3 Nf6 2. g3 g6 3. Bg2 Bg7 4. d4 O-O 5. O-O d6 6. a4 Nbd7 7. a5 c6 8. Nc3
d5 9. Bf4 Nh5 10. Bg5 f6 11. Bc1 f5 12. e3 Qc7 13. Ne2 e5 14. dxe5 Nxe5 15.
Nxe5 Qxe5 16. Rb1 Nf6 17. b4 a6 18. Bb2 Qe7 19. Bd4 Re8 20. Nc3 Be6 21. Na4 Kh8
22. Qd3 Rg8 23. Rfd1 Rae8 24. Nb6 Qf7 25. Rbc1 Rd8 26. c3 Qe7 27. Bc5 Qc7 28.
Bd4 Qf7 29. Qe2 Rge8 30. Qd3 Kg8 31. Na4 Bf8 32. Bc5 Bh6 33. Bb6 Rd6 34. Bc5
Rd7 35. Bd4 Ne4 36. Nb6 Rdd8 37. Qc2 Bf8 38. Bf1 Be7 39. Qb2 Qf8 40. Rb1 Qf7
41. Rbc1 Nd6 42. Na4 Nc4 43. Qe2 Bc8 44. Nc5 Bf8 45. Nd3 g5 46. Bg2 Re6 47. Nb2
Nxb2 48. Qxb2 f4 49. exf4 gxf4 50. Re1 f3 51. Bf1 Bh6 52. Rcd1 Rde8 53. Rxe6
Bxe6 54. Re1 Bf5 55. Rxe8+ Qxe8 56. c4 dxc4 57. Bxc4+ Be6 58. Qb3 Bxc4 59.
Qxc4+ Qf7 60. Qc3 Qf5 61. h4 Qd5 62. Kh2 Kf7 63. Bc5 Kg6 64. Qh8 Qd7 65. Qe5
Qg4 66. Qe8+ Kf6 67. Be7+ Kg7 68. Bf8+ 1-0

[Event "Elit(SK Rockaden,Sthlm-Farsta)"]
[Site "?"]
[Date "2015.03.07"]
[Round "6"]
[White "Hedman, Erik"]
[Black "Hjelm, Niclas"]
[Result "1/2-1/2"]
[WhiteElo "2375"]
[BlackElo "2315"]
[PlyCount "69"]

1. d4 d5 2. c4 c6 3. Nf3 Nf6 4. Nc3 dxc4 5. a4 e6 6. e3 c5 7. Bxc4 Nc6 8. O-O
cxd4 9. exd4 Be7 10. Qe2 O-O 11. Rd1 Nb4 12. Ne5 Bd7 13. d5 exd5 14. Nxd5 Nbxd5
15. Bxd5 Nxd5 16. Rxd5 Bg4 17. Qc4 Qxd5 18. Qxd5 Rad8 19. Qb3 Rd1+ 20. Qxd1
Bxd1 21. Bg5 Bxg5 22. Rxd1 Rc8 23. b3 Rc3 24. f4 Bf6 25. Rd3 Rxd3 26. Nxd3 Bd4+
27. Kf1 f5 28. Ne1 Kf7 29. Ke2 Ke6 30. Nf3 Kd5 31. Kd3 Bf6 32. Ne1 Bd4 33. Nf3
Bf6 34. Ne1 Bd4 35. Nf3 1/2-1/2

[Event "Elit(SK Rockaden,Sthlm-Farsta)"]
[Site "?"]
[Date "2015.03.07"]
[Round "6"]
[White "Lundin, Jan"]
[Black "Olund, Joar"]
[Result "1-0"]
[WhiteElo "2221"]
[BlackElo "2290"]
[PlyCount "97"]

1. e4 g6 2. Nc3 Bg7 3. f4 a6 4. g3 b5 5. Bg2 Bb7 6. d3 e6 7. Qe2 Ne7 8. Nf3 d5
9. O-O Nd7 10. Nh4 Nc5 11. f5 b4 12. f6 Bxf6 13. Rxf6 bxc3 14. bxc3 d4 15. Rf1
dxc3 16. Qf2 Na4 17. Qxf7+ Kd7 18. Rb1 Kc8 19. Qxe6+ Kb8 20. Be3 Ra7 21. Bxa7+
Kxa7 22. Qc4 Bc6 23. Nf3 Bb5 24. Rxb5 axb5 25. Qxb5 Nb6 26. Qa5+ Kb8 27. Qxc3
Rf8 28. Rb1 Qd7 29. Qc5 Rf6 30. Ne5 Qd6 31. Qxd6 Rxd6 32. Nc4 Rc6 33. e5 Rc5
34. Nxb6 cxb6 35. Rxb6+ Kc7 36. Rb7+ Kd8 37. c4 Rxe5 38. Be4 Ra5 39. Rb8+ Kd7
40. Ra8 Re5 41. Ra7+ Ke6 42. Kf2 Kf6 43. Kf3 Rc5 44. a4 h5 45. h4 Rc8 46. a5
Rc5 47. Ra6+ Kf7 48. Ke3 Rc8 49. Rb6 1-0

[Event "Elit(Farsta-Limhamn)"]
[Site "?"]
[Date "2015.03.20"]
[Round "7"]
[White "Hector, Jonny"]
[Black "Urkedal, Frode"]
[Result "0-1"]
[WhiteElo "2481"]
[BlackElo "2524"]
[PlyCount "94"]
[SourceDate "2015.03.23"]

1. e4 e6 2. d4 d5 3. Nc3 Nf6 4. Bg5 dxe4 5. Nxe4 Be7 6. Bxf6 gxf6 7. c4 f5 8.
Nc3 Bf6 9. Nge2 O-O 10. Qd2 c5 11. d5 Nd7 12. O-O-O Ne5 13. Ng3 Bg5 14. f4 Bh6
15. Be2 Qh4 16. Nh5 Nxc4 17. Bxc4 Qxh5 18. Qf2 Qg6 19. Rhe1 Bg7 20. Nb5 exd5
21. Bxd5 Bd7 22. Nd6 Bd4 23. Qg3 Rad8 24. Nxb7 Rb8 25. b3 Be6 26. Bxe6 fxe6 27.
Qxg6+ hxg6 28. Nd6 Rfd8 29. Nc4 Kf7 30. Re2 Rbc8 31. Kc2 Kf6 32. Rde1 Rc6 33.
g3 Ra6 34. a4 Rb8 35. Nd2 Rab6 36. h4 Ke7 37. Rd1 Kf6 38. a5 Rb5 39. Rde1 e5
40. fxe5+ Ke6 41. h5 gxh5 42. Rh1 Rxa5 43. Rxh5 Ra2+ 44. Kd3 Kd5 45. Reh2 Rxb3+
46. Ke2 Bc3 47. Kd1 Rbb2 0-1

[Event "Elit(Farsta-Limhamn)"]
[Site "?"]
[Date "2015.03.20"]
[Round "7"]
[White "Sammalvuo, Tapani"]
[Black "Jepson, Christian"]
[Result "1/2-1/2"]
[WhiteElo "2453"]
[BlackElo "2421"]
[PlyCount "144"]

1. Nf3 d5 2. d4 Nf6 3. c4 e6 4. Nc3 Be7 5. Bg5 h6 6. Bh4 O-O 7. e3 b6 8. Be2
Bb7 9. Bxf6 Bxf6 10. cxd5 exd5 11. O-O Qe7 12. Qb3 Rd8 13. Rfd1 c5 14. dxc5
Bxc3 15. Qxc3 bxc5 16. Ne5 Re8 17. Nd3 Nd7 18. Bf1 Rac8 19. Rac1 Nf6 20. Qa3 c4
21. Qxe7 Rxe7 22. Nf4 Rb8 23. b3 cxb3 24. axb3 Bc8 25. Ne2 Bg4 26. f3 Bd7 27.
Rc3 Rc8 28. Kf2 Be6 29. Rdc1 Rxc3 30. Rxc3 Rb7 31. Nd4 Kf8 32. Rc5 Bd7 33. Ke1
Ke7 34. Ra5 h5 35. h4 Kd6 36. Kd2 Ne8 37. Ba6 Rb6 38. Bd3 Rb7 39. Rxd5+ Kxd5
40. Be4+ Kc5 41. Bxb7 Nd6 42. Ba6 Kb4 43. Bd3 a5 44. e4 f6 45. f4 Nb7 46. e5
fxe5 47. fxe5 Nd8 48. Bc4 Nc6 49. e6 Be8 50. Nxc6+ Bxc6 51. Kd3 Kc5 52. g3 g6
53. Kc3 Be8 54. Ba6 Kd6 55. Bc8 Kc7 56. Ba6 Kd6 57. Bc4 Kc5 58. Kd3 Bc6 59. Kc3
Be8 60. Bf1 Kd5 61. Bh3 Kc5 62. Kd3 Kd5 63. Ke3 Ke5 64. Kd3 Kd5 65. Kc3 Kc5 66.
Bf1 Kd5 67. Bc4+ Kc5 68. e7 Kd6 69. Kd4 Kxe7 70. Ke5 a4 71. bxa4 Bxa4 72. Kf4
Kf6 1/2-1/2

[Event "Elit(Farsta-Limhamn)"]
[Site "?"]
[Date "2015.03.20"]
[Round "7"]
[White "Johansson, Linus"]
[Black "Livner, Anders"]
[Result "1/2-1/2"]
[WhiteElo "2392"]
[BlackElo "2345"]
[PlyCount "87"]

1. e4 c6 2. Nc3 d5 3. Nf3 Bg4 4. h3 Bxf3 5. Qxf3 e6 6. a3 Nf6 7. d3 Nbd7 8. g3
Bc5 9. Bg2 O-O 10. O-O Re8 11. Rd1 Bd4 12. Bd2 b5 13. Be1 Qc7 14. Rab1 a5 15.
Qf4 Qxf4 16. gxf4 a4 17. Ne2 Bb6 18. e5 Nh5 19. Bf3 g6 20. Bxh5 gxh5 21. Kg2 f5
22. Kf3 Kf7 23. Bd2 Rec8 24. Be3 Bd8 25. Rg1 Be7 26. Nd4 Rab8 27. Ke2 Nf8 28.
Nf3 Ng6 29. b4 axb3 30. cxb3 Ra8 31. Bc1 Ra6 32. b4 Ra4 33. d4 Rg8 34. Rb3 Ra6
35. Rc3 Ke8 36. Kf1 Kd7 37. Ke2 Raa8 38. Kf1 Rg7 39. Ne1 Bd8 40. Rgg3 Bh4 41.
Rg2 Be7 42. Rgg3 Bh4 43. Rg2 Be7 44. Rgg3 1/2-1/2

[Event "Elit(Farsta-Limhamn)"]
[Site "?"]
[Date "2015.03.20"]
[Round "7"]
[White "Ernst, Thomas"]
[Black "Brynell, Stellan"]
[Result "1/2-1/2"]
[WhiteElo "2373"]
[BlackElo "2444"]
[PlyCount "194"]

1. e4 e6 2. d4 d5 3. Nd2 c5 4. exd5 exd5 5. Bb5+ Bd7 6. Qe2+ Be7 7. dxc5 Nf6 8.
Nb3 O-O 9. Be3 Re8 10. Nf3 a6 11. Bd3 Ba4 12. Nfd4 Nbd7 13. O-O-O a5 14. Bb5
Bxb5 15. Qxb5 a4 16. c6 bxc6 17. Nxc6 Qc7 18. Nba5 a3 19. b3 Rxa5 20. Nxa5 Rb8
21. Qa6 Nc5 22. Bxc5 Bxc5 23. Nc6 Rb6 24. Qa8+ Bf8 25. Nd4 Qc3 26. Ne2 Qb2+ 27.
Kd2 Re6 28. f3 d4 29. Rhe1 Re8 30. Qa5 g6 31. Nf4 Rc8 32. Rc1 Bh6 33. g3 Nh5
34. Qe5 Qc3+ 35. Ke2 d3+ 36. Kf1 Qxe5 37. Rxe5 Nxf4 38. c4 d2 39. Rd1 Nd3 40.
Re2 Nb2 41. Rdxd2 Bxd2 42. Rxd2 Kg7 43. Kf2 h5 44. Rd6 Re8 45. c5 Rc8 46. b4
Rb8 47. Rb6 Rxb6 48. cxb6 Nd3+ 49. Ke3 Nxb4 50. b7 Na6 51. Kd4 Kf6 52. Kd5 Ke7
53. Kc6 Ke6 54. Kb6 Nb8 55. Kc7 Na6+ 56. Kb6 Nb8 57. Kc7 Nd7 58. f4 Nc5 59.
b8=N Ne4 60. Kb6 Nc3 61. Ka5 Nxa2 62. Ka4 Nb4 63. Kxa3 Nc2+ 64. Kb2 Ne3 65. Kc3
Nf1 66. Kd3 Nxh2 67. Ke3 Nf1+ 68. Kf3 Nd2+ 69. Kg2 Kf5 70. Nd7 h4 71. Ne5 f6
72. Nd3 Ne4 73. gxh4 Kg4 74. Nb4 Kxf4 75. Kh3 Kf5 76. Nd5 Ke6 77. Nf4+ Kf5 78.
Nd5 Ke6 79. Nf4+ Kf7 80. Nd5 Kg7 81. Ne7 Kh6 82. Kg4 Nf2+ 83. Kf3 Nd3 84. Kg3
Ne5 85. Ng8+ Kg7 86. Ne7 Kf7 87. Nd5 Ke6 88. Nc7+ Kf5 89. Ne8 Nd7 90. Ng7+ Ke5
91. h5 g5 92. h6 Nf8 93. Kg4 Nh7 94. Nf5 Ke4 95. Ng3+ Ke5 96. Nf5 Ke6 97. Ng7+
Ke5 1/2-1/2

[Event "Elit(Farsta-Limhamn)"]
[Site "?"]
[Date "2015.03.20"]
[Round "7"]
[White "Ahlander, Bjorn"]
[Black "Lissang, Christopher"]
[Result "0-1"]
[WhiteElo "2380"]
[BlackElo "2260"]
[PlyCount "110"]

1. e4 c5 2. Nf3 Nc6 3. d4 cxd4 4. Nxd4 Nf6 5. Nc3 d6 6. Bg5 Bd7 7. Qd2 Rc8 8.
O-O-O Nxd4 9. Qxd4 Qa5 10. Be3 a6 11. Bc4 Ng4 12. Bb3 Nxe3 13. Qxe3 e6 14. Qg3
g6 15. Rd3 Bh6+ 16. f4 b5 17. Kb1 b4 18. Nd1 Qc7 19. Ne3 Bb5 20. Rd4 a5 21.
Rhd1 O-O 22. Bc4 Bg7 23. Bxb5 Bxd4 24. Rxd4 Qc5 25. Rd3 Qxb5 26. Ng4 f5 27.
exf5 exf5 28. Ne3 Qc6 29. Qf2 Rfe8 30. Qd2 Qe4 31. b3 Qxf4 32. g3 Qe4 33. a3
Rc3 34. Nc4 Rxd3 35. cxd3 Qh1+ 36. Ka2 Qf3 37. Nb2 Qe2 38. Qf4 bxa3 39. Kxa3
Qe5 40. Qc4+ Kg7 41. Qc7+ Re7 42. Qd8 Rb7 43. Qh4 d5 44. Ka2 Qc3 45. Qa4 Qb4
46. d4 Qxa4+ 47. Nxa4 Rb4 48. Nc5 Kf7 49. Ka3 Rxd4 50. Nb7 g5 51. Nxa5 f4 52.
gxf4 gxf4 53. Nc6 Re4 54. Nb4 Rxb4 55. Kxb4 f3 0-1

[Event "Elit(Farsta-Limhamn)"]
[Site "?"]
[Date "2015.03.20"]
[Round "7"]
[White "Lagerborg, Krister"]
[Black "Schneider, Stefan"]
[Result "1/2-1/2"]
[WhiteElo "2049"]
[BlackElo "2379"]
[PlyCount "194"]

1. e4 e6 2. b3 c5 3. Bb2 Nc6 4. g3 d6 5. Bg2 Nf6 6. Ne2 Be7 7. O-O O-O 8. h3 d5
9. e5 Nd7 10. f4 f6 11. exf6 Nxf6 12. d3 d4 13. Na3 Nd5 14. Bc1 Bf6 15. g4 Ne3
16. Bxe3 dxe3 17. c3 Bh4 18. Kh1 Bf2 19. Nc4 g5 20. fxg5 Qxg5 21. Nd6 Qh4 22.
Ng1 Ne5 23. d4 cxd4 24. cxd4 Ng6 25. Nf3 Qe7 26. Ne4 Nf4 27. Qc2 Nxg2 28. Kxg2
b6 29. Nxf2 exf2 30. Rxf2 Bb7 31. Raf1 Qd6 32. Qd2 Qd5 33. Kg1 Kh8 34. Qe3 Rac8
35. Qe5+ Kg8 36. Qxd5 Bxd5 37. Ne5 Rxf2 38. Rxf2 a5 39. Nd7 Rc1+ 40. Kh2 Kg7
41. Nxb6 Rd1 42. Nxd5 exd5 43. Kg3 Rxd4 44. a3 Rd1 45. Rf3 h6 46. Kf2 Kg6 47.
Ke2 Ra1 48. a4 Rc1 49. Kd2 Rc8 50. Rf5 Rd8 51. Kc3 Rc8+ 52. Kd4 Rb8 53. Rf3
Rb4+ 54. Kxd5 h5 55. gxh5+ Kxh5 56. Kc6 Kg5 57. Rc3 Kf6 58. h4 Kg6 59. Rc5 Rxb3
60. Rxa5 Rb4 61. Ra8 Rf4 62. a5 Rf6+ 63. Kd5 Rf5+ 64. Ke6 Rf6+ 65. Ke7 Rf7+ 66.
Ke8 Kg7 67. Ra6 Rf5 68. Ke7 Rf7+ 69. Kd8 Rf8+ 70. Kc7 Rf7+ 71. Kb6 Rf6+ 72. Kb5
Rf5+ 73. Kb4 Rf4+ 74. Kb3 Rf3+ 75. Kc2 Rf2+ 76. Kd3 Rf5 77. Ra7+ Kh6 78. a6 Rf6
79. Ra8 Kg7 80. Ke4 Kh7 81. Ke5 Rb6 82. Ra7+ Kg8 83. Kd5 Rf6 84. h5 Kh8 85. Ke5
Rb6 86. Kf5 Rc6 87. Kg5 Rb6 88. h6 Rc6 89. Ra8+ Kh7 90. Ra7+ Kh8 91. h7 Rg6+
92. Kf5 Rf6+ 93. Ke5 Re6+ 94. Kd5 Rd6+ 95. Kc5 Rc6+ 96. Kb5 Rb6+ 97. Ka5 Rb5+
1/2-1/2

[Event "Elit(Farsta-Limhamn)"]
[Site "?"]
[Date "2015.03.20"]
[Round "7"]
[White "Lindgren, Philip"]
[Black "Lundin, Jan"]
[Result "1-0"]
[WhiteElo "2331"]
[BlackElo "2221"]
[PlyCount "87"]

1. Nf3 f5 2. g3 Nf6 3. Bg2 g6 4. O-O Bg7 5. d4 O-O 6. b3 d6 7. Bb2 c6 8. c4 Qc7
9. Nbd2 Re8 10. Re1 e5 11. e4 Nxe4 12. dxe5 Nxd2 13. Qxd2 dxe5 14. Nxe5 Rxe5
15. Bxe5 Bxe5 16. Rxe5 Qxe5 17. Re1 Qc7 18. Re8+ Kf7 19. Rh8 Nd7 20. Rxh7+ Ke8
21. Qd4 Qe5 22. Rxd7 Qxd4 23. Rxd4 Be6 24. f4 a5 25. c5 Rd8 26. Rxd8+ Kxd8 27.
Kf2 Kc7 28. Ke3 b6 29. Kd4 a4 30. bxa4 Bxa2 31. Bf1 Bb3 32. Bc4 Bxa4 33. cxb6+
Kxb6 34. Bf7 c5+ 35. Kc3 Bd7 36. Bxg6 Kc6 37. h4 Kd6 38. h5 Ke6 39. h6 Kf6 40.
h7 Kg7 41. Kc4 Bc8 42. Kxc5 Be6 43. Kd6 Bc8 44. Ke5 1-0

[Event "Elit(Farsta-Limhamn)"]
[Site "?"]
[Date "2015.03.20"]
[Round "7"]
[White "Wieweg, Johnny"]
[Black "Helgason, Reynir"]
[Result "0-1"]
[WhiteElo "2160"]
[BlackElo "2327"]
[PlyCount "98"]

1. e4 c6 2. d4 d5 3. f3 e6 4. Nc3 Bb4 5. Nge2 Nf6 6. a3 Ba5 7. e5 Nfd7 8. f4
O-O 9. g3 b5 10. Bg2 b4 11. axb4 Bxb4 12. O-O f5 13. Na4 a5 14. Be3 Be7 15. b3
Ba6 16. Qd2 Ra7 17. Rfc1 Rb7 18. Bf1 Bb4 19. c3 Be7 20. Qa2 Qc7 21. c4 Bb4 22.
Nec3 Qd8 23. Qf2 Qe7 24. Be2 Rd8 25. Qf1 Ra7 26. Rc2 Nf8 27. Na2 Ba3 28. Nc1
Bb4 29. Nd3 Nfd7 30. cxd5 cxd5 31. Ndc5 Bxe2 32. Qxe2 Nxc5 33. Nxc5 Rc8 34. Qb5
Na6 35. Rac1 Bxc5 36. dxc5 Nb4 37. c6 Nxc2 38. Rxc2 Raa8 39. Bc5 Qe8 40. Bd6
Qh5 41. Kg2 Qd1 42. Qc5 Qb1 43. c7 Qxb3 44. Qf2 d4 45. Kh3 d3 46. Rb2 Qd5 47.
Rb8 Raxb8 48. cxb8=Q Rxb8 49. Bxb8 d2 0-1

[Event "Elit(Solna-Eksjo)"]
[Site "?"]
[Date "2015.03.20"]
[Round "7"]
[White "Gdanski, Jacek"]
[Black "Valmana Canto, Jaime"]
[Result "0-1"]
[WhiteElo "2501"]
[BlackElo "2390"]
[PlyCount "119"]

1. e4 e6 2. d4 d5 3. Nc3 Nf6 4. Bg5 Bb4 5. e5 h6 6. Bd2 Bxc3 7. bxc3 Ne4 8. Qg4
Kf8 9. Bd3 Nxd2 10. Kxd2 c5 11. h4 Qa5 12. dxc5 Nc6 13. Qf4 d4 14. Ne2 dxc3+
15. Nxc3 Qxc5 16. Rhe1 Bd7 17. Rab1 b6 18. Rb5 Qe7 19. Re3 Rd8 20. Rb1 Be8 21.
Nb5 Rd5 22. c4 Rd8 23. Ke2 g5 24. Qe4 Qc5 25. h5 Nd4+ 26. Kf1 Bc6 27. Qg4 Nxb5
28. cxb5 Rxd3 29. Rxd3 Bxb5 30. Rxb5 Qxb5 31. Qd4 Kg7 32. a4 Qb1+ 33. Rd1 Qc2
34. Rd2 Qc6 35. f4 Rc8 36. fxg5 hxg5 37. Kf2 Qc3 38. Qxc3 Rxc3 39. Rd7 Rc5 40.
h6+ Kxh6 41. Rxf7 Ra5 42. Rf6+ Kg7 43. Rxe6 Rxa4 44. Ke3 b5 45. Rf6 b4 46. Kd4
a5 47. Rf5 b3+ 48. Kc3 Rb4 49. Kb2 a4 50. Rxg5+ Kf7 51. e6+ Kxe6 52. Ra5 Kd6
53. g3 Kc6 54. Ra6+ Kb5 55. Ra7 Re4 56. Rb7+ Kc6 57. Rb8 Re2+ 58. Kb1 Kc5 59.
g4 Kc4 60. Rc8+ 0-1

[Event "Elit(Solna-Eksjo)"]
[Site "?"]
[Date "2015.03.20"]
[Round "7"]
[White "Lindberg, Bengt"]
[Black "Rasmussen, Allan Stig"]
[Result "1-0"]
[WhiteElo "2380"]
[BlackElo "2532"]
[PlyCount "187"]

1. e4 e5 2. Nf3 Nc6 3. Bb5 a6 4. Ba4 Nge7 5. O-O g6 6. c3 Bg7 7. d4 exd4 8.
cxd4 b5 9. Bb3 O-O 10. Nc3 d6 11. h3 Bb7 12. a3 h6 13. Re1 Na5 14. Bc2 c5 15.
Bf4 Rc8 16. Qd2 g5 17. Bg3 b4 18. axb4 cxb4 19. Na4 b3 20. Bb1 f5 21. exf5 Nxf5
22. Be4 Bxe4 23. Rxe4 Kh8 24. Nc3 Nc4 25. Qe2 d5 26. Re6 a5 27. Be5 Nxe5 28.
dxe5 d4 29. Rd1 Qd7 30. Ra6 Qb7 31. Ne4 Rc2 32. Qd3 Rxb2 33. Nf6 Bxf6 34. exf6
Qd5 35. g4 Rc2 36. Qxf5 Qxf5 37. gxf5 b2 38. Rb6 a4 39. Rxd4 Rc1+ 40. Kg2 b1=Q
41. Rxb1 Rxb1 42. Rxa4 Rxf6 43. Ra5 Rfb6 44. Nd4 Kg7 45. Rd5 Kf6 46. Ne2 Ke7
47. Ng3 R1b5 48. Rd2 Rb2 49. Rd3 R6b3 50. Rd1 Rb4 51. Re1+ Kf7 52. Ne4 Rd4 53.
Re3 Rb5 54. Ng3 Rf4 55. Re2 Rfb4 56. Re6 Rb6 57. Re3 Rf4 58. Re2 Ra6 59. Rd2
Ke7 60. Re2+ Kd7 61. Rd2+ Kc7 62. Rc2+ Rc6 63. Rd2 Kb6 64. Rb2+ Kc5 65. Rc2+
Kb5 66. Rb2+ Ka4 67. Re2 Rb6 68. Ra2+ Kb3 69. Re2 Ka3 70. Re5 Rd6 71. Ne2 Rc4
72. Ng3 Kb2 73. Re2+ Kc1 74. Re1+ Kc2 75. Re2+ Rd2 76. Re5 Kd1 77. Nf1 Rf4 78.
Nxd2 Kxd2 79. Kg3 h5 80. f3 Kd3 81. f6 h4+ 82. Kf2 Rxf6 83. Rxg5 Rd6 84. Rg4
Rh6 85. Ra4 Rh7 86. f4 Rf7 87. Kf3 Rg7 88. f5 Rg1 89. Kf4 Ke2 90. Ke5 Kf2 91.
Rxh4 Ra1 92. f6 Kg3 93. Rd4 Rf1 94. Ke6 1-0

[Event "Elit(Solna-Eksjo)"]
[Site "?"]
[Date "2015.03.20"]
[Round "7"]
[White "de Verdier, Michael"]
[Black "Landgren, Andreas"]
[Result "1-0"]
[WhiteElo "2329"]
[BlackElo "2246"]
[PlyCount "57"]
[SourceDate "2015.03.24"]

1. e4 c5 2. Nf3 d6 3. Bb5+ Bd7 4. Bxd7+ Qxd7 5. c4 g6 6. Nc3 Bg7 7. d4 cxd4 8.
Nxd4 Nc6 9. Nde2 Nf6 10. f3 O-O 11. O-O e6 12. Bg5 h6 13. Be3 Rfd8 14. Qd2 d5
15. cxd5 exd5 16. Bxh6 dxe4 17. Qg5 Nd4 18. Bxg7 Kxg7 19. fxe4 Qe6 20. Nf4 Qb6
21. Kh1 Nh7 22. Qe5+ f6 23. Qe7+ Kh6 24. Qf7 Rg8 25. Ncd5 Qd6 26. Ne3 f5 27.
exf5 gxf5 28. Rad1 Rg5 29. h4 1-0

[Event "Elit(Solna-Eksjo)"]
[Site "?"]
[Date "2015.03.20"]
[Round "7"]
[White "Karlsson, Tomas"]
[Black "Bejtovic, Jasmin"]
[Result "1/2-1/2"]
[WhiteElo "2253"]
[BlackElo "2375"]
[PlyCount "68"]

1. e4 c5 2. Nc3 Nc6 3. Nf3 g6 4. d4 cxd4 5. Nxd4 Bg7 6. Be3 Nf6 7. Bc4 Qa5 8.
O-O O-O 9. Bb3 d6 10. h3 Bd7 11. f4 Nxd4 12. Bxd4 Bc6 13. Qd3 Nh5 14. Bxg7 Kxg7
15. Qd4+ Kg8 16. e5 Ng3 17. Rfe1 Nf5 18. Qf2 dxe5 19. Rxe5 Qc7 20. Nd5 Bxd5 21.
Rxd5 e6 22. Rd2 a5 23. Ba4 Rad8 24. Rad1 Nd6 25. Qa7 Ne4 26. Rxd8 Rxd8 27.
Rxd8+ Qxd8 28. Qe3 Qd1+ 29. Kh2 Nd2 30. Qd3 Qc1 31. Qd8+ Kg7 32. Qd4+ Kg8 33.
Qd8+ Kg7 34. Qd4+ Kg8 1/2-1/2

[Event "Elit(Solna-Eksjo)"]
[Site "?"]
[Date "2015.03.20"]
[Round "7"]
[White "Vernersson, Per"]
[Black "Jonsson, Mikael"]
[Result "1/2-1/2"]
[WhiteElo "2313"]
[BlackElo "2293"]
[PlyCount "155"]

1. d4 d5 2. c4 c6 3. Nf3 Nf6 4. Nc3 dxc4 5. a4 Bf5 6. Ne5 Nbd7 7. Nxc4 Qc7 8.
g3 e5 9. dxe5 Nxe5 10. Bf4 Nfd7 11. Bg2 f6 12. O-O Be7 13. Rc1 O-O 14. Nd5 Qd8
15. Nxe7+ Qxe7 16. Nd6 Bg4 17. Re1 Rab8 18. Nc4 Rbd8 19. Qd6 Rfe8 20. Qxe7 Rxe7
21. Ne3 Be6 22. Red1 a5 23. Be4 Ree8 24. Bc2 g5 25. Bxe5 Nxe5 26. f4 gxf4 27.
gxf4 Ng4 28. Nxg4 Bxg4 29. Bd3 Kg7 30. Kf2 Rd4 31. Rc4 Rxc4 32. Bxc4 Re4 33. b3
b5 34. axb5 cxb5 35. Bxb5 Rxf4+ 36. Ke3 Rf5 37. Bc4 Re5+ 38. Kf2 Kg6 39. Rd6
Kg5 40. Rd8 Kh4 41. Rd6 Kg5 42. Rd8 h5 43. Rd6 f5 44. e3 Kh4 45. Rd5 Rxd5 46.
Bxd5 Kh3 47. Kg1 Bd1 48. Bc4 Bc2 49. Bd5 h4 50. Kh1 Kg4 51. Kg2 Kg5 52. Bg8 Kf6
53. Kf3 Ke5 54. Bc4 Bd1+ 55. Kf2 Ke4 56. Ke1 Bg4 57. Kf2 f4 58. exf4 Kxf4 59.
Bd3 Bd1 60. Bc4 Ke4 61. Be6 Ke5 62. Bf7 Kd4 63. Ke1 Bf3 64. Kd2 Be4 65. Bg8 Bg6
66. Bc4 a4 67. bxa4 Kxc4 68. Ke3 h3 69. Kf2 Kb4 70. Kf1 Kxa4 71. Kf2 Kb4 72.
Kf1 Kc3 73. Kf2 Kd4 74. Kf1 Ke3 75. Kg1 Kf3 76. Kf1 Bd3+ 77. Kg1 Be4 78. Kf1
1/2-1/2

[Event "Elit(Solna-Eksjo)"]
[Site "?"]
[Date "2015.03.20"]
[Round "7"]
[White "Johansson, Gunnar"]
[Black "Ornstein, Axel"]
[Result "1-0"]
[WhiteElo "2222"]
[BlackElo "2325"]
[PlyCount "22"]

1. d4 Nf6 2. c4 e6 3. Nc3 Bb4 4. Qc2 c5 5. dxc5 O-O 6. a3 Bxc5 7. Nf3 b6 8. Bf4
Nh5 9. Bg5 Be7 10. h4 Bb7 11. e4 h6 1-0